Central Library OPAC University of Rajshahi

العرب والاسلام في الحوض الغربي من البحر الأبيض المتوسط : من فتح المغرب وفتح الاندلس الى آخر عصر الولاة (138هج 756م) = Islam and the Arabs : in the western mediterranean during the age of viceroys of moslem spain (711-756 C. E. (Record no. 78837)

MARC details
000 -LEADER
fixed length control field 01100aaa a2200229 a 4500
001 - CONTROL NUMBER
control field 78837
003 - CONTROL NUMBER IDENTIFIER
rucl marc code BD-RjUL
005 - DATE AND TIME OF LATEST TRANSACTION
control field 20211209083159.0
008 - FIXED-LENGTH DATA ELEMENTS--GENERAL INFORMATION
fixed length control field 211121s19591378le ||||| |||| 001 0 ara d
035 ## - SYSTEM CONTROL NUMBER
System control number (BD-RjUL) 79064
040 ## - CATALOGING SOURCE
Original cataloging agency BD-RjUL
Language of cataloging eng
Transcribing agency BD-RjUL
041 ## - LANGUAGE CODE
Language code of text/sound track or separate title ara
082 ## - DEWEY DECIMAL CLASSIFICATION NUMBER
Edition number 23
Classification number 297.09022
Author mark and year FAB 1959
100 10 - MAIN ENTRY--PERSONAL NAME
Personal name فروخ، عمر ;; Farroukh, Omar ، .
Dates associated with a name 1906-1987
9 (RLIN) 245188
245 ## - TITLE STATEMENT
Title العرب والاسلام في الحوض الغربي من البحر الأبيض المتوسط : من فتح المغرب وفتح الاندلس الى آخر عصر الولاة (138هج 756م) = Islam and the Arabs : in the western mediterranean during the age of viceroys of moslem spain (711-756 C. E.
Statement of responsibility, etc. تاليف عمر فروخ = by Omar Farrukh
260 ## - PUBLICATION, DISTRIBUTION, ETC. (IMPRINT)
Place of publication, distribution, etc. بيروت = Beirut :
Name of publisher, distributor, etc. منشورات المكتب التجاري , ;; manshurat almaktab altijarii ,
Date of publication, distribution, etc. 1959[1378]
300 ## - PHYSICAL DESCRIPTION
Pagination 206 p. ;
Size 24 cm
650 ## - SUBJECT ADDED ENTRY--TOPICAL TERM
Topical term or geographic name as entry element Arabs
Form subdivision History.
9 (RLIN) 250254
Topical term or geographic name as entry element Spain
Form subdivision History
Chronological subdivision 711-1516.
9 (RLIN) 250255
Topical term or geographic name as entry element Islamic Empire
Form subdivision History
Chronological subdivision 661-750.
9 (RLIN) 250256
942 ## - ADDED ENTRY ELEMENTS (KOHA)
Source of classification or shelving scheme Dewey Decimal Classification
Koha item type Books
Holdings
Lost status Source of classification or shelving scheme Damaged status Not for loan Collection code Permanent Location Current Location Shelving location Date acquired Source of acquisition Total Checkouts Full call number Date last seen Copy number Koha item type
  Dewey Decimal Classification   Not For Loan Non-fiction Central Library, University of Rajshahi Central Library, University of Rajshahi Reading Room 17/02/1963 zeitlinger   A 297.09022 FAB 1959 21/11/2021 C-1 Books